000 00858nam a2200265 a 4500
001 000016010
003 DO-SdBNP
005 20240314082842.0
007 ta
008 240314s190? dr a 000 0 spa d
040 _aDO-SdBNP
_bspa
_cBNPHU
_erda
082 _a343.0946
_bM294
_222
110 1 _aRepública Dominicana.
_bDirección General de Tránsito Terrestre
_935960
245 1 0 _aManual del conductor :
250 _aedición actualizada
264 _aSanto Domingo :
_bDirección General de Tránsito Terrestre,
_cfecha no identificada
300 _a33 paginas :
_bilustraciones ;
_c22 cm.
336 _2rdacontent
_atexto
_btxt
337 _2rdamedia
_asin mediación
_bn
338 _2rdacarrier
_avolumen
_bnc
590 _aInventariado, 2024/DG
650 4 _aConducción de automóviles
_xManuales
_935961
910 _aDG
942 _2ddc
_cLF2
999 _c56090
_d56090